000 00292nam a2200121Ia 4500
008 230917s9999||||xx |||||||||||||| ||und||
040 _e113969
_aMAIN
041 _aEnglish
082 _a320.8095496 l786l
100 _aGellner,david
245 0 _aLocal democracy in south asia
942 _cBK
999 _c143439
_d143439